[Event "North American-ch U20"]
[Site "Dulles"]
[Date "2023.12.21"]
[Round "5"]
[White "Diao, Matthew Guo"]
[Black "Zhao, Erick"]
[Result "0-1"]
[WhiteElo "2033"]
[BlackElo "2328"]
[PlyCount "56"]
[EventDate "2023.12.19"]
[EventType "swiss"]
[EventRounds "9"]
[EventCountry "USA"]
[SourceTitle "CB52_2023"]
[SourceDate "2023.12.27"]
[SourceVersion "1"]
[SourceVersionDate "2023.12.27"]
[SourceQuality "1"]

1. d4 Nf6 2. c4 g6 3. Nc3 d5 4. Nf3 Bg7 5. Qb3 c6 6. cxd5 Nxd5 7. e4 Nb6 8. Be3 Be6 9. d5 cxd5 10. Bb5+ N8d7 11. exd5 Bf5 12. Nh4 0-0 13. Nxf5 gxf5 14. 0-0 Nf6 15. Rfd1 Ng4 16. Bf4 Ne5 17. Qc2 Qc8 18. Qe2 Ng6 19. Be3 Bxc3 20. Rac1 Nxd5 21. Rxd5 Qe6 22. Rd7 a6 23. Rxc3 axb5 24. Qxb5 Rxa2 25. Rc1 f4 26. Bd4 f3 27. Rd5 Qg4 28. g3 Ra5 0-1

[Event "USA-ch U16"]
[Site "Schaumburg"]
[Date "2023.06.25"]
[Round "7"]
[White "Adewumi, Tanitoluwa"]
[Black "Zhao, Erick"]
[Result "0-1"]
[WhiteElo "2283"]
[BlackElo "2291"]
[PlyCount "84"]
[EventDate "2023.06.22"]
[EventType "tourn"]
[EventRounds "7"]
[EventCountry "USA"]
[EventCategory "4"]
[SourceTitle "CBM 214 Extra"]
[Source "ChessBase"]
[SourceDate "2023.07.31"]
[SourceVersion "1"]
[SourceVersionDate "2023.07.31"]
[SourceQuality "1"]

1. e4 c5 2. Nf3 d6 3. Bb5+ Nd7 4. c3 Ngf6 5. Bd3 b6 6. 0-0 Bb7 7. Re1 Rc8 8. Bc2 Qc7 9. a4 a6 10. Na3 e6 11. d3 Be7 12. Bg5 0-0 13. Rc1 Rfe8 14. Qe2 Bc6 15. d4 Qb7 16. Bd3 Ra8 17. Nd2 Nf8 18. e5 dxe5 19. dxe5 Nd5 20. Qg4 Bxg5 21. Qxg5 Bxa4 22. Ne4 Qe7 23. Qg4 Red8 24. Nd6 Bc6 25. Qg3 Ng6 26. Nac4 Rab8 27. Ra1 b5 28. Na5 Ba8 29. Bxg6 hxg6 30. Nb3 Qa7 31. Re4 c4 32. Nd4 Nxc3 33. Rh4 Qxd4 34. bxc3 Qd2 35. f4 b4 36. Qh3 Kf8 37. Nxc4 Qxc3 38. Rh8+ Ke7 39. Qh4+ f6 40. exf6+ Qxf6 41. Rxd8 Qxh4 42. Rxb8 Qxf4 0-1

[Event "Titled Tuesday intern op 13th Jun Early"]
[Site "Chess.com INT"]
[Date "2023.06.13"]
[Round "3"]
[White "Slavin, Alexei"]
[Black "Zhao, Erick"]
[Result "0-1"]
[WhiteElo "2364"]
[BlackElo "2291"]
[PlyCount "84"]
[EventDate "2023.06.13"]
[EventType "swiss (blitz)"]
[EventRounds "11"]
[EventCountry "USA"]
[SourceTitle "EXT 2024"]
[Source "ChessBase"]
[SourceDate "2023.10.10"]
[SourceVersion "1"]
[SourceVersionDate "2023.10.10"]
[SourceQuality "1"]

1. e4 e5 2. Nf3 Nc6 3. c3 d6 4. d4 Nf6 5. Bd3 exd4 6. cxd4 g6 7. 0-0 Bg7 8. Nc3 0-0 9. h3 a6 10. Re1 b5 11. a3 Bb7 12. Bg5 h6 13. Bh4 g5 14. Bg3 Nh5 15. Bh2 Nf4 16. Bc2 b4 17. axb4 Nxb4 18. Bb3 c5 19. Bxf4 gxf4 20. Qd2 Qf6 21. d5 Rae8 22. Rad1 Bc8 23. Ba4 Re7 24. e5 dxe5 25. d6 Re6 26. d7 Bxd7 27. Qxd7 Qg6 28. Nd5 e4 29. Nh4 Qg5 30. Nxb4 cxb4 31. Bb3 Qxh4 32. Bxe6 fxe6 33. Qxe6+ Kh8 34. Qxe4 Qg5 35. Rd5 Qf6 36. b3 f3 37. Qxf3 Qb2 38. Qd3 Qxf2+ 39. Kh2 Qxe1 40. Rd8 Be5+ 41. g3 Qxg3+ 42. Kh1 Qh2# 0-1

[Event "Titled Tuesday intern op 13th Jun Early"]
[Site "Chess.com INT"]
[Date "2023.06.13"]
[Round "2"]
[White "Zhao, Erick"]
[Black "Harsha, Bharathakoti"]
[Result "0-1"]
[WhiteElo "2291"]
[BlackElo "2574"]
[PlyCount "56"]
[EventDate "2023.06.13"]
[EventType "swiss (blitz)"]
[EventRounds "11"]
[EventCountry "USA"]
[SourceTitle "EXT 2024"]
[Source "ChessBase"]
[SourceDate "2023.10.10"]
[SourceVersion "1"]
[SourceVersionDate "2023.10.10"]
[SourceQuality "1"]

1. Nf3 g6 2. g3 Bg7 3. Bg2 e5 4. e4 Nc6 5. 0-0 Nge7 6. c3 0-0 7. d4 exd4 8. cxd4 d5 9. e5 Bg4 10. Nc3 Nf5 11. Be3 Nce7 12. h3 Nxe3 13. fxe3 Be6 14. Ng5 Nf5 15. Nxe6 fxe6 16. Qe1 Qg5 17. Rf3 Bh6 18. h4 Qg4 19. Qe2 Rf7 20. Kh2 Raf8 21. Raf1 Nxg3 22. Rxg3 Qxe2 23. Nxe2 Rxf1 24. Bxf1 Rxf1 25. Nc3 Rf2+ 26. Rg2 Bxe3 27. Nb5 c6 28. Nc7 Kf7 0-1

[Event "Titled Tuesday intern op 13th Jun Early"]
[Site "Chess.com INT"]
[Date "2023.06.13"]
[Round "1"]
[White "Zhao, Erick"]
[Black "Kiseleva, Arina"]
[Result "1-0"]
[WhiteElo "2291"]
[BlackElo "1962"]
[PlyCount "73"]
[EventDate "2023.06.13"]
[EventType "swiss (blitz)"]
[EventRounds "11"]
[EventCountry "USA"]
[SourceTitle "EXT 2024"]
[Source "ChessBase"]
[SourceDate "2023.10.10"]
[SourceVersion "1"]
[SourceVersionDate "2023.10.10"]
[SourceQuality "1"]

1. e4 c6 2. c4 d5 3. cxd5 cxd5 4. exd5 Nf6 5. Nc3 a6 6. Qb3 g6 7. Nf3 Bg7 8. d4 0-0 9. Be2 b5 10. a4 bxa4 11. Qxa4 Bb7 12. 0-0 Nxd5 13. Bg5 h6 14. Bh4 Nf4 15. Rfe1 Nxe2+ 16. Rxe2 Bxf3 17. Bxe7 Qxd4 18. Qxd4 Bxd4 19. Bxf8 Bxe2 20. Nxe2 Bxb2 21. Rb1 Kxf8 22. Rxb2 a5 23. Nc3 Nc6 24. g4 g5 25. Rb6 Rc8 26. Kg2 Kg7 27. Ne4 Ne5 28. h3 Rc2 29. Ng3 f6 30. Nh5+ Kh7 31. Nxf6+ Kg7 32. Nh5+ Kh7 33. Nf6+ Kg7 34. Ne4 Nd3 35. Ng3 Rxf2+ 36. Kg1 Rf6 37. Nh5+ 1-0

[Event "Las Vegas 1000 GM op"]
[Site "Las Vegas"]
[Date "2023.06.11"]
[Round "7"]
[White "Zhao, Erick"]
[Black "Kavutskiy, Konstantin"]
[Result "1-0"]
[WhiteElo "2291"]
[BlackElo "2414"]
[PlyCount "93"]
[EventDate "2023.06.08"]
[EventType "swiss"]
[EventRounds "9"]
[EventCountry "USA"]
[SourceTitle "CBM 214 Extra"]
[Source "ChessBase"]
[SourceDate "2023.07.31"]
[SourceVersion "1"]
[SourceVersionDate "2023.07.31"]
[SourceQuality "1"]

1. e4 c5 2. Nf3 Nc6 3. Bb5 g6 4. 0-0 Bg7 5. c3 Nf6 6. Re1 0-0 7. d4 d5 8. e5 Ne4 9. Bxc6 bxc6 10. Be3 Qb6 11. Qc1 cxd4 12. cxd4 Be6 13. Nfd2 f5 14. Nxe4 fxe4 15. Nc3 Qa6 16. b4 Rf5 17. Qc2 Raf8 18. Rac1 Qc4 19. Qa4 a5 20. Qxa5 Rb8 21. Qc7 Rff8 22. Nxe4 Qxa2 23. Nc5 Bf5 24. Qxe7 Rfe8 25. Qd6 Rbc8 26. Nd7 Kh8 27. Nb6 Bf8 28. Qf6+ Bg7 29. Qf7 Be6 30. Qb7 Rb8 31. Qxc6 Qa6 32. Na4 Qa7 33. Nc5 Bg8 34. b5 Qa5 35. Rb1 Rec8 36. Qa6 Qd8 37. Qa2 Rxc5 38. dxc5 d4 39. Qe2 dxe3 40. Qxe3 Qa5 41. b6 Bd5 42. e6 Re8 43. b7 Qa7 44. b8Q Rxb8 45. Rxb8+ Qxb8 46. e7 Qe8 47. Rd1 1-0

[Event "Titled Tuesday intern op 30th May Late"]
[Site "Chess.com INT"]
[Date "2023.05.30"]
[Round "4"]
[White "Ferey, Antonin"]
[Black "Zhao, Erick"]
[Result "1-0"]
[WhiteElo "2181"]
[BlackElo "2275"]
[PlyCount "63"]
[EventDate "2023.05.30"]
[EventType "swiss (blitz)"]
[EventRounds "11"]
[EventCountry "USA"]
[SourceTitle "CBM 214 Extra"]
[Source "ChessBase"]
[SourceDate "2023.07.31"]
[SourceVersion "1"]
[SourceVersionDate "2023.07.31"]
[SourceQuality "1"]

1. d4 d5 2. c4 e6 3. Nf3 Nd7 4. Nc3 dxc4 5. e4 Nb6 6. a4 a5 7. Be2 Bb4 8. Be3 Nf6 9. Qc2 0-0 10. Rd1 Bd7 11. Ra1 Bc6 12. e5 Nfd5 13. Ng5 g6 14. h4 Nxe3 15. fxe3 Bxg2 16. Rg1 Bc6 17. h5 Be8 18. hxg6 fxg6 19. Nxe6 Qh4+ 20. Kd2 Rf2 21. Nf4 Rxf4 22. Rh1 Rxd4+ 23. exd4 Qxd4+ 24. Ke1 Rd8 25. Rd1 Qe3 26. Rxd8 Qg3+ 27. Kd1 Qxe5 28. Qe4 Qxe4 29. Nxe4 Kf7 30. Rxh7+ Ke6 31. Rxe8+ Kf5 32. Rf7# 1-0

[Event "Titled Tuesday intern op 30th May Late"]
[Site "Chess.com INT"]
[Date "2023.05.30"]
[Round "6"]
[White "Zhao, Erick"]
[Black "Carrasco Miranda, Andres"]
[Result "1-0"]
[WhiteElo "2275"]
[BlackElo "2240"]
[PlyCount "125"]
[EventDate "2023.05.30"]
[EventType "swiss (blitz)"]
[EventRounds "11"]
[EventCountry "USA"]
[SourceTitle "CBM 214 Extra"]
[Source "ChessBase"]
[SourceDate "2023.07.31"]
[SourceVersion "1"]
[SourceVersionDate "2023.07.31"]
[SourceQuality "1"]

1. g3 Nf6 2. Bg2 g6 3. Nf3 Bg7 4. 0-0 0-0 5. d4 d5 6. c4 Nc6 7. c5 b6 8. cxb6 axb6 9. Nc3 Ne4 10. Bf4 Nxc3 11. bxc3 Bf5 12. Nd2 e5 13. dxe5 Bxe5 14. Bxe5 Nxe5 15. Nb3 Be4 16. f3 Bf5 17. f4 Nc4 18. Qxd5 Qxd5 19. Bxd5 Ne3 20. Bxa8 Nxf1 21. Kxf1 Rxa8 22. Nd4 Be4 23. a3 c5 24. Nb5 Rd8 25. Kf2 f5 26. c4 Rd2 27. Nc3 Rc2 28. Nxe4 fxe4 29. Rb1 Rxc4 30. Rxb6 Ra4 31. Rb3 Kf7 32. Rc3 Ke6 33. Rxc5 Rxa3 34. Re5+ Kf6 35. Rxe4 h5 36. Rb4 Rc3 37. Rb6+ Kf5 38. Rb5+ Kf6 39. Rb2 Kf5 40. Rb5+ Kf6 41. Kg2 Re3 42. Kf1 Ra3 43. Re5 Ra2 44. Kg2 Rb2 45. h3 Ra2 46. Kf3 Ra3+ 47. e3 Ra1 48. Rb5 Rf1+ 49. Kg2 Ra1 50. g4 h4 51. Rb6+ Kg7 52. Rb7+ Kf6 53. Rh7 Ke6 54. Rxh4 Kd5 55. Rh7 Ke4 56. Re7+ Kd3 57. Kg3 Ke2 58. Kh4 Kf3 59. Kg5 Rh1 60. Kxg6 Rxh3 61. g5 Kg4 62. f5 Rh5 63. Re4+ 1-0

[Event "Titled Tuesday intern op 30th May Late"]
[Site "Chess.com INT"]
[Date "2023.05.30"]
[Round "8"]
[White "Zhao, Erick"]
[Black "Jovic, Stanoje"]
[Result "1-0"]
[WhiteElo "2275"]
[BlackElo "2075"]
[PlyCount "77"]
[EventDate "2023.05.30"]
[EventType "swiss (blitz)"]
[EventRounds "11"]
[EventCountry "USA"]
[SourceTitle "CBM 214 Extra"]
[Source "ChessBase"]
[SourceDate "2023.07.31"]
[SourceVersion "1"]
[SourceVersionDate "2023.07.31"]
[SourceQuality "1"]

1. c4 e5 2. Nc3 Nf6 3. e3 Nc6 4. d4 exd4 5. exd4 d5 6. cxd5 Nxd5 7. Nf3 Bb4 8. Bd2 0-0 9. Be2 Bg4 10. 0-0 Re8 11. h3 Bh5 12. a3 Nxc3 13. bxc3 Bd6 14. Re1 h6 15. Rb1 Rb8 16. Rb5 Bg6 17. a4 a6 18. Rb2 Qf6 19. Be3 Ne7 20. Ne5 Bxe5 21. dxe5 Qxe5 22. Bd4 Qa5 23. Bf3 b6 24. Rbe2 Kf8 25. Qa1 Nf5 26. Qa3+ c5 27. Be5 Rbd8 28. g4 Ne7 29. c4 Rd3 30. Qb2 Rxf3 31. Bxg7+ Kg8 32. Rxe7 Rxe7 33. Rxe7 f6 34. Bxf6 Qb4 35. Rg7+ Kf8 36. Qe5 Qb1+ 37. Kg2 Qe4 38. Qb8+ Qe8 39. Qd6+ 1-0

[Event "Titled Tuesday intern op 30th May Late"]
[Site "Chess.com INT"]
[Date "2023.05.30"]
[Round "3"]
[White "Zhao, Erick"]
[Black "Zhigalko, Sergei"]
[Result "0-1"]
[WhiteElo "2275"]
[BlackElo "2572"]
[PlyCount "106"]
[EventDate "2023.05.30"]
[EventType "swiss (blitz)"]
[EventRounds "11"]
[EventCountry "USA"]
[SourceTitle "CBM 214 Extra"]
[Source "ChessBase"]
[SourceDate "2023.07.31"]
[SourceVersion "1"]
[SourceVersionDate "2023.07.31"]
[SourceQuality "1"]

1. b3 e5 2. Bb2 Nc6 3. c4 Nf6 4. Nc3 Bc5 5. e3 0-0 6. Nge2 Re8 7. g3 d5 8. Bg2 d4 9. Na4 Bf8 10. exd4 Nxd4 11. 0-0 Bg4 12. f3 Bf5 13. Nxd4 exd4 14. Re1 Qd7 15. Rxe8 Rxe8 16. Qf1 a6 17. c5 h5 18. Re1 Bd3 19. Qf2 Rxe1+ 20. Qxe1 Bb5 21. Qe5 Bxa4 22. bxa4 Qxa4 23. Bxd4 Qd1+ 24. Bf1 Qxd2 25. Be3 Qxa2 26. Qxc7 Nd5 27. Qe5 Nxe3 28. Qxe3 Qc2 29. Qe2 Bxc5+ 30. Kg2 Qxe2+ 31. Bxe2 Kf8 32. f4 g6 33. Kf3 Ke7 34. Ke4 f5+ 35. Kf3 b5 36. h3 Kd6 37. g4 fxg4+ 38. hxg4 hxg4+ 39. Kxg4 Be3 40. Bd3 Kc5 41. Bxg6 Kd4 42. Kf3 Bc1 43. Be8 Kc3 44. f5 Bg5 45. Ke2 b4 46. Bf7 Kb2 47. Kd1 b3 48. Bc4 Kc3 49. Bd5 a5 50. Be6 a4 51. f6 Bxf6 52. Ke2 a3 53. Kf3 a2 0-1

[Event "New York Spring IM-B"]
[Site "New York"]
[Date "2023.04.08"]
[Round "7.3"]
[White "Bortnyk, Mykola"]
[Black "Zhao, Erick"]
[Result "1/2-1/2"]
[WhiteElo "2425"]
[BlackElo "2275"]
[PlyCount "67"]
[EventDate "2023.04.05"]
[EventType "team-tourn"]
[EventRounds "9"]
[EventCountry "USA"]
[SourceTitle "CBM 213 Extra"]
[Source "ChessBase"]
[SourceDate "2023.05.31"]
[SourceVersion "1"]
[SourceVersionDate "2023.05.31"]
[SourceQuality "1"]
[WhiteTeam "Team 1"]
[BlackTeam "Team 2"]
[WhiteTeamCountry "USA"]
[BlackTeamCountry "USA"]

1. e4 c5 2. c3 d5 3. exd5 Nf6 4. Nf3 Nxd5 5. Bc4 Nc6 6. d4 cxd4 7. Nxd4 e6 8. 0-0 Be7 9. Nxc6 bxc6 10. Nd2 0-0 11. Re1 Bb7 12. Ne4 c5 13. Qe2 Rb8 14. a4 Ba8 15. a5 Qc7 16. Qf3 Qe5 17. Re2 Rfd8 18. Bd3 Qf5 19. Qg3 Nf6 20. Nxf6+ Bxf6 21. Rd2 Qh5 22. h3 Qg5 23. Qxg5 Bxg5 24. f4 Bxf4 25. Bxh7+ Kxh7 26. Rxd8 Rxd8 27. Bxf4 a6 28. Be3 Rb8 29. Rf1 f6 30. Bxc5 Rxb2 31. Rf2 Rb1+ 32. Rf1 Rb2 33. Rf2 Rb1+ 34. Rf1 1/2-1/2

[Event "New York Spring IM-B"]
[Site "New York"]
[Date "2023.04.06"]
[Round "2.2"]
[White "Tanenbaum, Zachary Chen"]
[Black "Zhao, Erick"]
[Result "0-1"]
[WhiteElo "2261"]
[BlackElo "2275"]
[PlyCount "68"]
[EventDate "2023.04.05"]
[EventType "team-tourn"]
[EventRounds "9"]
[EventCountry "USA"]
[SourceTitle "CBM 213 Extra"]
[Source "ChessBase"]
[SourceDate "2023.05.31"]
[SourceVersion "1"]
[SourceVersionDate "2023.05.31"]
[SourceQuality "1"]
[WhiteTeam "Team 4"]
[BlackTeam "Team 2"]
[WhiteTeamCountry "USA"]
[BlackTeamCountry "USA"]

1. e4 c5 2. Nf3 d6 3. d4 cxd4 4. Nxd4 Nf6 5. Nc3 a6 6. Bc4 e6 7. a4 Nc6 8. 0-0 Be7 9. Be3 0-0 10. Nxc6 bxc6 11. a5 c5 12. Bf4 Qc7 13. Re1 Nd7 14. Qd2 Ne5 15. Bf1 Bb7 16. Na4 Rad8 17. Nb6 Ng6 18. Bg3 Qc6 19. f4 Bf6 20. c4 Qc7 21. Rad1 Ne7 22. Kh1 Nc6 23. Bd3 Bd4 24. Bh4 Rb8 25. e5 dxe5 26. f5 Nxa5 27. Qxa5 Ba8 28. f6 Qxb6 29. Qd2 e4 30. Bxe4 Bxe4 31. Rxe4 Qxb2 32. Rxd4 Qxd4 33. Qe1 Qg4 34. fxg7 Rfc8 0-1

[Event "Titled Tuesday intern op 23rd Aug Early"]
[Site "Chess.com INT"]
[Date "2022.08.23"]
[Round "3"]
[White "Harshad, S."]
[Black "Zhao, Erick"]
[Result "0-1"]
[WhiteElo "2218"]
[BlackElo "2302"]
[PlyCount "110"]
[EventDate "2022.08.23"]
[EventType "swiss (blitz)"]
[EventRounds "11"]
[EventCountry "USA"]
[SourceTitle "EXT 2023"]
[Source "ChessBase"]
[SourceDate "2022.10.05"]
[SourceVersion "1"]
[SourceVersionDate "2022.10.05"]
[SourceQuality "1"]

1. e4 c5 2. Be2 Nc6 3. f4 d6 4. Nf3 e5 5. 0-0 Nf6 6. d3 Be7 7. c4 Bg4 8. Nc3 Bxf3 9. Bxf3 Nd4 10. Be3 Qd7 11. Nd5 Nxd5 12. exd5 0-0 13. Rb1 Bf6 14. Kh1 Rfe8 15. b4 b6 16. Bxd4 exd4 17. Be4 g6 18. Qf3 Bg7 19. f5 Re5 20. Qh3 Rd8 21. b5 Qe7 22. Rf3 Re8 23. Rbf1 Qg5 24. fxg6 fxg6 25. Qd7 Qe7 26. Rf7 Qxd7 27. Rxd7 Bf8 28. Rxa7 R5e7 29. Ra6 Rb7 30. h3 Be7 31. a4 Bd8 32. Kh2 Ree7 33. Bf3 Ra7 34. Rxa7 Rxa7 35. Ra1 Kf7 36. Bg4 Kf6 37. Kg3 Ke5 38. Kf3 Bg5 39. Be6 Bd2 40. Ra2 Bc3 41. Kg4 Kf6 42. Rf2+ Kg7 43. Ra2 h5+ 44. Kg5 Be1 45. Re2 Bg3 46. h4 Rxa4 47. Bd7 Be5 48. g4 Bf6+ 49. Kf4 Bxh4 50. gxh5 gxh5 51. Rh2 Bf6 52. Rxh5 Ra1 53. Bf5 Rf1+ 54. Ke4 Be5 55. Bh3 Rf4# 0-1

[Event "Titled Tuesday intern op 23rd Aug Early"]
[Site "Chess.com INT"]
[Date "2022.08.23"]
[Round "1"]
[White "Zhao, Erick"]
[Black "Bilych, Olexiy"]
[Result "0-1"]
[WhiteElo "2302"]
[BlackElo "2387"]
[PlyCount "32"]
[EventDate "2022.08.23"]
[EventType "swiss (blitz)"]
[EventRounds "11"]
[EventCountry "USA"]
[SourceTitle "EXT 2023"]
[Source "ChessBase"]
[SourceDate "2022.10.05"]
[SourceVersion "1"]
[SourceVersionDate "2022.10.05"]
[SourceQuality "1"]

1. e4 e5 2. Nf3 Nc6 3. Bb5 a6 4. Ba4 Nge7 5. 0-0 Ng6 6. c3 d5 7. d4 Bg4 8. dxe5 dxe4 9. Qxd8+ Rxd8 10. Nd4 Ngxe5 11. f4 b5 12. Nxb5 axb5 13. Bxb5 Bc5+ 14. Kh1 Nd3 15. Bxc6+ Ke7 16. Nd2 e3 0-1